000 00517nam a2200205Ia 4500
005 20250923150442.0
008 008 250917s9999 xx 000 0 eng d
037 _aTextual
040 _aDSWL
_beng
_cDSWL
041 _aeng
_2eng
084 _qDSWL
100 _aShukla, Madhukar
_9846110
245 0 _aSocial entrepreneurship in India
_cby Madhukar Shukla
260 _aDelhi
_b Atantic
_c2020
300 _a256 p.
365 _aINR
_b575
925 _g575
942 _cTEXL
999 _c1463601
_d1463601